Don't play around (Record no. 64502)

MARC details
000 -LEADER
fixed length control field 01243cam a2200229 4500
001 - CONTROL NUMBER
control field Wb3633-30
008 - FIXED-LENGTH DATA ELEMENTS--GENERAL INFORMATION
fixed length control field 000000n2000 000 0 eng u
035 ## - SYSTEM CONTROL NUMBER
System control number (Sirsi) u107972
245 ## - TITLE STATEMENT
Title Don't play around
260 ## - PUBLICATION, DISTRIBUTION, ETC.
Date of publication, distribution, etc. 2000
490 ## - SERIES STATEMENT
Series statement Estates Gazette
Volume/sequential designation (0033) 19 August 2000, 73(1)
520 ## - SUMMARY, ETC.
Summary, etc. Discusses the case of "Jolley v Sutton LBC" in which the CA ruled the local authority were not liable under the Occupier's Liability Act 1957 to a 14 year old boy. The case arose from a boat which was left to rot by a block of flats in south London in the late 1980s. In 1990 the claimant and a friend decided to renovate the boat, and whilst using a car jack to lift the bow onto a trailer, the boat collapsed on the claimant, breaking his back and causing paraplegia. On 18 May the HL allowed the boy's appeal. The resulting decision means that an occupier who fails to deal with obvious dangers on their land, may be liable if injuries of an unexpected nature occur on their land. See WB3625-23.
590 ## - LOCAL NOTE (RLIN)
Local note WB
650 ## - SUBJECT ADDED ENTRY--TOPICAL TERM
Topical term or geographic name entry element JOLLEY V SUTTON LBC
650 ## - SUBJECT ADDED ENTRY--TOPICAL TERM
Topical term or geographic name entry element SOUTH LONDON
650 ## - SUBJECT ADDED ENTRY--TOPICAL TERM
Topical term or geographic name entry element DUTY OF CARE
650 ## - SUBJECT ADDED ENTRY--TOPICAL TERM
Topical term or geographic name entry element OCCUPIERS LIABILITY ACT 1957
650 ## - SUBJECT ADDED ENTRY--TOPICAL TERM
Topical term or geographic name entry element BOAT
650 ## - SUBJECT ADDED ENTRY--TOPICAL TERM
Topical term or geographic name entry element INJURIES
690 ## - LOCAL SUBJECT ADDED ENTRY--TOPICAL TERM (OCLC, RLIN)
Topical term or geographic name as entry element PROPERTY
942 ## - ADDED ENTRY ELEMENTS (KOHA)
Suppress in OPAC 0
Holdings
Withdrawn status Lost status Source of classification or shelving scheme Damaged status Not for loan Home library Current library Shelving location Date acquired Total Checkouts Full call number Barcode Date last seen Copy number Price effective from Koha item type
    Dewey Decimal Classification     London London News article 24/08/2000   WB3633-30 107972-1001 06/08/2019 1 06/08/2019 News article